000 00614cam a2200241 4500
001 B1580
008 090401t1983 xxu||||| |||| 00| 0 eng d
035 _a(Sirsi) u45322
041 _aeng
050 _a711.5520212
110 _aJones Lang Wootton
_92909
245 4 _aThe analysis of available space & take-up
260 _aLondon
_bJones Lang Wootton
_c1983
300 _aii,24 leaves ; 30cm.
350 _a0
490 _aCLOR Technical Paper
_v2
650 _aCENTRAL LONDON OFFICE RESEARCH
650 _aFLOORSPACE
650 _aLONDON
650 _aOFFICES
942 _n0
948 _c04/03/1997
999 _c91687
_d91687